| 000 | 00597nam a2200229Ia 4500 | ||
|---|---|---|---|
| 003 | OSt | ||
| 005 | 20221007071049.0 | ||
| 006 | a|||||r|||| 00| 0 | ||
| 007 | ta | ||
| 008 | 221006b |||||||| |||| 00| 0 eng d | ||
| 024 | _a22,090 | ||
| 037 | _cTextual | ||
| 040 |
_aFLL _cFLL _beng |
||
| 041 |
_2eng _aeng |
||
| 082 | _aZ2:AqN4, H4 | ||
| 100 |
_aPrem Daulat Ram _9682875 |
||
| 245 | 0 | _aLaw of Defence of India | |
| 260 |
_aLahore _bArora Law House India _c1944 |
||
| 300 |
_a390p _ccm. |
||
| 942 |
_hZ2:AqN4, H4 _cTEXL _2CC |
||
| 999 |
_c1142334 _d1142334 |
||